| 000 | 00445nam a22001817a 4500 | ||
|---|---|---|---|
| 003 | CEME | ||
| 005 | 20210628205015.0 | ||
| 008 | 210222b xxu||||| |||| 00| 0 eng d | ||
| 020 | _a1-850-32183-3 | ||
| 040 | _c. | ||
| 082 | _a004.21 ROB'S | ||
| 100 |
_aBior, Mary Robinson, Barbara _973353 |
||
| 245 | _aSystems analysis techniques | ||
| 260 |
_aLONDON _bITP _c1995 |
||
| 300 | _a279P | ||
| 650 |
_a ACC NO-30193 _973354 |
||
| 942 |
_cBK _2ddc |
||
| 999 |
_c579117 _d579117 |
||